000 01341nam0a2200337 4500
001 RU\NLR\bibl\1249563
005 20260426062906.0
010 _a978-5-222-12687-5
_bв пер.
_95000
021 _aRU
_b2008-37127
_92044
035 _a(NLR Aleph) 001235677
090 _a226561
_c226561
100 _a20080521d2008 u y0rusy50 ca
101 0 _arus
102 _aRU
105 _ay |||||||||
200 1 _aДошкольный спорт и оборудование детских комнат
_fМ. Федотов, Е. Тропп
210 _aРостов-на-Дону
_cФеникс
_d2008
215 _a141 с.
_d17
225 1 _aСерия "Раннее развитие"
606 _aДошкольники
_xФизическое воспитание
_91157227
_3RU\NLR\auth\66462627
606 1 _aДети
_xФизическое воспитание в семье
_92601249
_3RU\NLR\AUTH\661537807
686 1 _aЧ491.354
700 1 _4070
_7ca
_8rus
_aФедотов
_bМ. В.
_cпедагог-методист
_gМихаил Васильевич
_943602
_3RU\NLR\auth\7760672
701 1 _aТропп
_bЕ.
_gЕвгения
_4070
801 0 _aRU
_bЛИБНЕТ
_c20080521
801 1 _aRU
_bДонская ГПБ
_c20080528
801 2 _aRU
_bNLR
_c20080707
_grcr
942 _cBOOK
980 _aNB